<?xml version="1.0" encoding="UTF-8"?>
<record
    xmlns:xsi="http://www.w3.org/2001/XMLSchema-instance"
    xsi:schemaLocation="http://www.loc.gov/MARC21/slim http://www.loc.gov/standards/marcxml/schema/MARC21slim.xsd"
    xmlns="http://www.loc.gov/MARC21/slim">

  <leader>00683nam a22001817a 4500</leader>
  <controlfield tag="005">20231226151123.0</controlfield>
  <controlfield tag="008">231226b        |||||||| |||| 00| 0 eng d</controlfield>
  <datafield tag="020" ind1=" " ind2=" ">
    <subfield code="a">9788957 704134</subfield>
  </datafield>
  <datafield tag="041" ind1=" " ind2=" ">
    <subfield code="a">eng</subfield>
  </datafield>
  <datafield tag="082" ind1=" " ind2=" ">
    <subfield code="a">712</subfield>
    <subfield code="b">KIM</subfield>
  </datafield>
  <datafield tag="100" ind1=" " ind2=" ">
    <subfield code="a">Kim K.</subfield>
    <subfield code="9">145083</subfield>
  </datafield>
  <datafield tag="245" ind1=" " ind2=" ">
    <subfield code="a">Landscape Architecture Competition Annual-6</subfield>
  </datafield>
  <datafield tag="260" ind1=" " ind2=" ">
    <subfield code="a">korea</subfield>
    <subfield code="b">Sun Young Chung</subfield>
    <subfield code="c">2013</subfield>
  </datafield>
  <datafield tag="300" ind1=" " ind2=" ">
    <subfield code="a">400p</subfield>
    <subfield code="b">Hb</subfield>
    <subfield code="c">31 x 27</subfield>
  </datafield>
  <datafield tag="365" ind1=" " ind2=" ">
    <subfield code="a">INR</subfield>
    <subfield code="b">8007.30</subfield>
    <subfield code="c">Rupaye</subfield>
  </datafield>
  <datafield tag="500" ind1=" " ind2=" ">
    <subfield code="a">INternational Competition For Master Plan Of The Youngsan Park Korea
Green Design Award2012
Invitational Design Competition For Revitalization Of Civic At Center At Gwangju Park
Ideas Competition For the Singer Park Leiden</subfield>
  </datafield>
  <datafield tag="942" ind1=" " ind2=" ">
    <subfield code="c">RF</subfield>
  </datafield>
  <datafield tag="999" ind1=" " ind2=" ">
    <subfield code="c">356769</subfield>
    <subfield code="d">356769</subfield>
  </datafield>
  <datafield tag="952" ind1=" " ind2=" ">
    <subfield code="0">0</subfield>
    <subfield code="1">0</subfield>
    <subfield code="2">ddc</subfield>
    <subfield code="4">0</subfield>
    <subfield code="7">0</subfield>
    <subfield code="8">Book M arch LA</subfield>
    <subfield code="a">BNCA</subfield>
    <subfield code="b">BNCA</subfield>
    <subfield code="d">2023-12-26</subfield>
    <subfield code="e">Metro Books</subfield>
    <subfield code="f">M Arch Lan</subfield>
    <subfield code="g">8007.30</subfield>
    <subfield code="i">2431</subfield>
    <subfield code="o">712 KIM</subfield>
    <subfield code="p">BNCA-BK-12480</subfield>
    <subfield code="r">2023-12-26 00:00:00</subfield>
    <subfield code="t">37%</subfield>
    <subfield code="v">5044.60</subfield>
    <subfield code="w">2023-11-02</subfield>
    <subfield code="y">RF</subfield>
  </datafield>
</record>
